[Event "(QRT)"]
[Site ""]
[Date "1970-01-01"]
[Round "4.1"]
[White "Yu Yangyi"]
[Black "Sethuraman S.P."]
[Result "1-0"]
[WhiteTitle "GM"]
[WhiteElo "2738"]
[WhiteCountry "CHN"]
[WhiteFideId "8603820"]
[BlackTitle "GM"]
[BlackElo "2556"]
[BlackCountry "IND"]
[BlackFideId "5021596"]

1. d4 {[%clk 00:15:05]} d5 {[%clk 00:15:08]} 2. c4 {[%clk 00:15:09]} c6 {[%clk 00:15:07]} 3. cxd5 {[%clk 00:15:08]} cxd5 {[%clk 00:15:10]} 4. Bf4 {[%clk 00:15:08]} Nc6 {[%clk 00:15:02]} 5. e3 {[%clk 00:15:11]} Nf6 {[%clk 00:14:57]} 6. Nc3 {[%clk 00:15:13]} Bf5 {[%clk 00:14:21]} 7. Qb3 {[%clk 00:15:06]} Na5 {[%clk 00:14:24]} 8. Qa4+ {[%clk 00:14:52]} Bd7 {[%clk 00:14:27]} 9. Qc2 {[%clk 00:14:55]} e6 {[%clk 00:14:21]} 10. Bd3 {[%clk 00:14:56]} Bb4 {[%clk 00:13:57]} 11. Nf3 {[%clk 00:13:39]} Nh5 {[%clk 00:11:11]} 12. Be5 {[%clk 00:13:31]} f6 {[%clk 00:10:39]} 13. Bg3 {[%clk 00:13:29]} g6 {[%clk 00:10:01]} 14. O-O {[%clk 00:13:23]} Nxg3 {[%clk 00:09:35]} 15. hxg3 {[%clk 00:13:23]} Rc8 {[%clk 00:09:31]} 16. e4 {[%clk 00:11:59]} Kf7 {[%clk 00:07:36]} 17. a3 {[%clk 00:11:40]} Bxc3 {[%clk 00:07:38]} 18. bxc3 {[%clk 00:11:44]} dxe4 {[%clk 00:07:08]} 19. Bxe4 {[%clk 00:11:48]} Bc6 {[%clk 00:07:12]} 20. Rfe1 {[%clk 00:10:19]} Bd5 {[%clk 00:06:17]} 21. g4 {[%clk 00:09:41]} Nc4 {[%clk 00:05:40]} 22. Qc1 {[%clk 00:08:31]} g5 {[%clk 00:05:09]} 23. Qd1 {[%clk 00:06:34]} Kg7 {[%clk 00:04:43]} 24. Nh2 {[%clk 00:06:22]} h5 {[%clk 00:02:27]} 25. gxh5 {[%clk 00:06:14]} f5 {[%clk 00:02:31]} 26. Bxd5 {[%clk 00:05:30]} Qxd5 {[%clk 00:02:34]} 27. g4 {[%clk 00:04:01]} Rc6 {[%clk 00:01:48]} 28. Rb1 {[%clk 00:02:52]} b6 {[%clk 00:01:20]} 29. a4 {[%clk 00:02:56]} a6 {[%clk 00:01:24]} 30. Rb4 {[%clk 00:02:49]} Kf6 {[%clk 00:00:45]} 31. Nf1 {[%clk 00:02:41]} fxg4 {[%clk 00:00:13]} 32. Qxg4 {[%clk 00:02:25]} Qf5 {[%clk 00:00:12]} 33. f3 {[%clk 00:01:57]} Nd6 {[%clk 00:00:11]} 34. Ne3 {[%clk 00:01:17]} Qf4 {[%clk 00:00:12]} 35. d5 {[%clk 00:01:12]} 1-0

[Event "(QRT)"]
[Site ""]
[Date "1970-01-01"]
[Round "4.2"]
[White "Puranik Abhimanyu"]
[Black "Motylev Alexander"]
[Result "1/2-1/2"]
[WhiteTitle "GM"]
[WhiteElo "2550"]
[WhiteCountry "IND"]
[WhiteFideId "5061245"]
[BlackTitle "GM"]
[BlackElo "2721"]
[BlackCountry "FID"]
[BlackFideId "4121830"]

1. e4 {[%clk 00:15:08]} e5 {[%clk 00:15:08]} 2. Nf3 {[%clk 00:15:09]} Nc6 {[%clk 00:15:07]} 3. Bb5 {[%clk 00:15:13]} Nf6 {[%clk 00:15:14]} 4. d3 {[%clk 00:15:16]} d6 {[%clk 00:15:11]} 5. O-O {[%clk 00:14:25]} Be7 {[%clk 00:15:14]} 6. c4 {[%clk 00:14:17]} O-O {[%clk 00:15:07]} 7. Nc3 {[%clk 00:14:14]} Bg4 {[%clk 00:14:18]} 8. Bxc6 {[%clk 00:13:55]} bxc6 {[%clk 00:14:21]} 9. h3 {[%clk 00:13:58]} Bh5 {[%clk 00:13:54]} 10. Ne2 {[%clk 00:14:01]} Bxf3 {[%clk 00:13:40]} 11. gxf3 {[%clk 00:14:05]} Nh5 {[%clk 00:13:37]} 12. Ng3 {[%clk 00:13:37]} Nxg3 {[%clk 00:13:07]} 13. fxg3 {[%clk 00:13:39]} f5 {[%clk 00:13:06]} 14. Kg2 {[%clk 00:11:18]} Rb8 {[%clk 00:10:44]} 15. Rb1 {[%clk 00:09:14]} Bg5 {[%clk 00:10:32]} 16. b4 {[%clk 00:07:51]} Kh8 {[%clk 00:09:12]} 17. Qe2 {[%clk 00:07:28]} f4 {[%clk 00:07:27]} 18. g4 {[%clk 00:06:35]} a5 {[%clk 00:07:22]} 19. Bd2 {[%clk 00:06:03]} axb4 {[%clk 00:07:15]} 20. Bxb4 {[%clk 00:05:56]} c5 {[%clk 00:07:00]} 21. Bc3 {[%clk 00:05:39]} Ra8 {[%clk 00:06:52]} 22. Rb3 {[%clk 00:05:21]} Bh4 {[%clk 00:06:37]} 23. Ra1 {[%clk 00:04:27]} Ra4 {[%clk 00:05:33]} 24. Rab1 {[%clk 00:04:26]} Ra5 {[%clk 00:05:33]} 25. Ra1 {[%clk 00:04:26]} Ra4 {[%clk 00:05:33]} 26. Rab1 {[%clk 00:04:23]} Qa8 {[%clk 00:05:21]} 27. R1b2 {[%clk 00:04:27]} h6 {[%clk 00:05:08]} 28. Qc2 {[%clk 00:04:03]} Kh7 {[%clk 00:04:56]} 29. Kf1 {[%clk 00:02:45]} Qa6 {[%clk 00:04:46]} 30. a3 {[%clk 00:02:36]} Ra8 {[%clk 00:04:34]} 31. Ra2 {[%clk 00:02:14]} Qc8 {[%clk 00:04:29]} 32. Be1 {[%clk 00:02:04]} Qd8 {[%clk 00:04:25]} 33. Qe2 {[%clk 00:01:55]} R8a7 {[%clk 00:03:51]} 34. Kg2 {[%clk 00:01:54]} Bxe1 {[%clk 00:02:33]} 35. Qxe1 {[%clk 00:01:57]} Qa8 {[%clk 00:02:28]} 36. Qc3 {[%clk 00:01:52]} Qd8 {[%clk 00:02:29]} 37. Qb2 {[%clk 00:01:46]} Ra8 {[%clk 00:02:23]} 38. Qf2 {[%clk 00:01:44]} Rb8 {[%clk 00:01:55]} 39. Rab2 {[%clk 00:01:41]} Rba8 {[%clk 00:01:57]} 40. Ra2 {[%clk 00:01:42]} Rb8 {[%clk 00:02:01]} 41. Rab2 {[%clk 00:01:44]} Rba8 {[%clk 00:01:57]} 1/2-1/2

[Event "(QRT)"]
[Site ""]
[Date "1970-01-01"]
[Round "4.3"]
[White "Lagarde Maxime"]
[Black "Sargsyan Shant"]
[Result "1-0"]
[WhiteTitle "GM"]
[WhiteElo "2653"]
[WhiteCountry "FRA"]
[WhiteFideId "662399"]
[BlackTitle "GM"]
[BlackElo "2477"]
[BlackCountry "ARM"]
[BlackFideId "13306766"]

1. e4 {[%clk 00:15:05]} e5 {[%clk 00:14:58]} 2. Nc3 {[%clk 00:15:08]} Nf6 {[%clk 00:15:00]} 3. f4 {[%clk 00:15:10]} d5 {[%clk 00:14:58]} 4. fxe5 {[%clk 00:15:13]} Nxe4 {[%clk 00:15:00]} 5. Qf3 {[%clk 00:15:17]} Nxc3 {[%clk 00:14:27]} 6. dxc3 {[%clk 00:15:20]} Be6 {[%clk 00:13:37]} 7. Bf4 {[%clk 00:15:07]} c6 {[%clk 00:13:33]} 8. Qg3 {[%clk 00:13:18]} Nd7 {[%clk 00:13:28]} 9. Nf3 {[%clk 00:13:10]} g6 {[%clk 00:12:40]} 10. Nd4 {[%clk 00:12:51]} Bg7 {[%clk 00:12:28]} 11. Bd3 {[%clk 00:12:15]} Nc5 {[%clk 00:11:55]} 12. h4 {[%clk 00:11:54]} Qd7 {[%clk 00:10:41]} 13. Qe3 {[%clk 00:10:17]} O-O-O {[%clk 00:09:48]} 14. Nb3 {[%clk 00:09:49]} Nxd3+ {[%clk 00:09:24]} 15. cxd3 {[%clk 00:09:52]} b6 {[%clk 00:09:18]} 16. a4 {[%clk 00:08:49]} c5 {[%clk 00:06:30]} 17. d4 {[%clk 00:08:35]} c4 {[%clk 00:06:34]} 18. Nd2 {[%clk 00:08:26]} h6 {[%clk 00:06:23]} 19. a5 {[%clk 00:08:17]} b5 {[%clk 00:06:24]} 20. a6 {[%clk 00:08:02]} Qc6 {[%clk 00:06:21]} 21. O-O {[%clk 00:07:46]} Kd7 {[%clk 00:06:16]} 22. Bg3 {[%clk 00:07:17]} Rb8 {[%clk 00:06:00]} 23. Rf2 {[%clk 00:05:11]} Rhf8 {[%clk 00:05:39]} 24. Ne4 {[%clk 00:03:43]} dxe4 {[%clk 00:04:03]} 25. d5 {[%clk 00:03:46]} Bxd5 {[%clk 00:01:06]} 26. Qxa7+ {[%clk 00:03:48]} Ke6 {[%clk 00:00:56]} 27. Raf1 {[%clk 00:03:51]} Qb6 {[%clk 00:00:50]} 28. Qxb6+ {[%clk 00:03:51]} Rxb6 {[%clk 00:00:54]} 29. Rf6+ {[%clk 00:03:54]} Bxf6 {[%clk 00:00:57]} 30. Rxf6+ {[%clk 00:03:58]} Kd7 {[%clk 00:00:57]} 31. Rxb6 {[%clk 00:04:00]} Bc6 {[%clk 00:01:01]} 32. e6+ {[%clk 00:03:19]} fxe6 {[%clk 00:00:48]} 33. Rb7+ {[%clk 00:03:02]} Ke8 {[%clk 00:00:07]} 34. Rb8+ {[%clk 00:02:48]} Kf7 {[%clk 00:00:08]} 35. a7 {[%clk 00:02:51]} e5 {[%clk 00:00:07]} 36. Bf4 {[%clk 00:02:16]} Re8 {[%clk 00:00:07]} 37. Rxe8 {[%clk 00:02:16]} Kxe8 {[%clk 00:00:11]} 38. Bxh6 {[%clk 00:02:18]} 1-0

[Event "(QRT)"]
[Site ""]
[Date "1970-01-01"]
[Round "4.4"]
[White "Iniyan P"]
[Black "Iturrizaga Bonelli Eduardo"]
[Result "1-0"]
[WhiteTitle "GM"]
[WhiteElo "2295"]
[WhiteCountry "IND"]
[WhiteFideId "25002767"]
[BlackTitle "GM"]
[BlackElo "2632"]
[BlackCountry "ESP"]
[BlackFideId "3901211"]

1. d4 {[%clk 00:14:57]} Nf6 {[%clk 00:15:08]} 2. c4 {[%clk 00:15:01]} e6 {[%clk 00:15:12]} 3. Nf3 {[%clk 00:15:05]} Bb4+ {[%clk 00:15:08]} 4. Bd2 {[%clk 00:15:08]} a5 {[%clk 00:15:11]} 5. g3 {[%clk 00:15:12]} O-O {[%clk 00:15:03]} 6. Bg2 {[%clk 00:15:12]} d5 {[%clk 00:15:00]} 7. Qc2 {[%clk 00:15:11]} c6 {[%clk 00:14:59]} 8. O-O {[%clk 00:15:09]} Be7 {[%clk 00:15:01]} 9. c5 {[%clk 00:14:40]} Nbd7 {[%clk 00:14:55]} 10. Rc1 {[%clk 00:14:12]} b6 {[%clk 00:13:44]} 11. cxb6 {[%clk 00:14:06]} Bb7 {[%clk 00:13:49]} 12. Nc3 {[%clk 00:12:43]} Nxb6 {[%clk 00:13:30]} 13. e4 {[%clk 00:09:03]} h6 {[%clk 00:11:49]} 14. Ne5 {[%clk 00:08:40]} a4 {[%clk 00:10:34]} 15. b3 {[%clk 00:08:18]} axb3 {[%clk 00:09:37]} 16. axb3 {[%clk 00:08:21]} Ba3 {[%clk 00:07:20]} 17. Rcb1 {[%clk 00:07:42]} Bd6 {[%clk 00:05:04]} 18. Nd3 {[%clk 00:06:14]} Nfd7 {[%clk 00:04:18]} 19. Na4 {[%clk 00:05:52]} Nxa4 {[%clk 00:04:11]} 20. bxa4 {[%clk 00:05:56]} Ba6 {[%clk 00:04:15]} 21. Nb4 {[%clk 00:05:36]} Bxb4 {[%clk 00:03:29]} 22. Bxb4 {[%clk 00:05:39]} Re8 {[%clk 00:03:33]} 23. Qxc6 {[%clk 00:04:42]} Bd3 {[%clk 00:03:36]} 24. Rc1 {[%clk 00:02:44]} dxe4 {[%clk 00:02:57]} 25. a5 {[%clk 00:02:05]} Nf6 {[%clk 00:02:34]} 26. Bc5 {[%clk 00:01:52]} Nd5 {[%clk 00:02:32]} 27. a6 {[%clk 00:01:41]} Qg5 {[%clk 00:00:33]} 28. a7 {[%clk 00:01:27]} e3 {[%clk 00:00:29]} 29. f4 {[%clk 00:00:27]} Qf5 {[%clk 00:00:33]} 30. Ra2 {[%clk 00:00:27]} Be4 {[%clk 00:00:34]} 31. Raa1 {[%clk 00:00:50]} Bd3 {[%clk 00:00:29]} 32. Ra2 {[%clk 00:00:27]} Be4 {[%clk 00:00:34]} 33. Bxe4 {[%clk 00:00:27]} Qxe4 {[%clk 00:00:38]} 34. Qb5 {[%clk 00:00:29]} Rec8 {[%clk 00:00:34]} 35. Qf1 {[%clk 00:00:23]} Rc7 {[%clk 00:00:19]} 36. Rb1 {[%clk 00:00:25]} Kh7 {[%clk 00:00:13]} 37. Rb8 {[%clk 00:00:23]} Nc3 {[%clk 00:00:14]} 38. Rxa8 {[%clk 00:00:22]} Qxa8 {[%clk 00:00:12]} 39. Qd3+ {[%clk 00:00:24]} Ne4 {[%clk 00:00:11]} 40. Rb2 {[%clk 00:00:23]} f5 {[%clk 00:00:06]} 41. Rb8 {[%clk 00:00:27]} Rxa7 {[%clk 00:00:08]} 42. Rxa8 {[%clk 00:00:29]} Rxa8 {[%clk 00:00:08]} 43. Qxe3 {[%clk 00:00:28]} Ra1+ {[%clk 00:00:17]} 44. Kg2 {[%clk 00:00:27]} Ra2+ {[%clk 00:00:21]} 45. Kg1 {[%clk 00:00:29]} Ra1+ {[%clk 00:00:25]} 46. Kg2 {[%clk 00:00:33]} Ra2+ {[%clk 00:00:29]} 47. Kf1 {[%clk 00:00:34]} Rxh2 {[%clk 00:00:33]} 48. Bb4 {[%clk 00:00:33]} Rh3 {[%clk 00:00:10]} 49. Be1 {[%clk 00:00:35]} g5 {[%clk 00:00:11]} 50. Kg2 {[%clk 00:00:33]} g4 {[%clk 00:00:00]} 1-0

[Event "(QRT)"]
[Site ""]
[Date "1970-01-01"]
[Round "4.5"]
[White "Iordachescu Viorel"]
[Black "Azarov Sergei"]
[Result "*"]
[WhiteTitle "GM"]
[WhiteElo "2552"]
[WhiteCountry "MDA"]
[WhiteFideId "13900200"]
[BlackTitle "GM"]
[BlackElo "2580"]
[BlackCountry "BLR"]
[BlackFideId "13501470"]

1. e4 {[%clk 00:15:03]} e5 {[%clk 00:15:08]} 2. Nf3 {[%clk 00:15:06]} Nc6 {[%clk 00:15:11]} 3. Bb5 {[%clk 00:15:07]} a6 {[%clk 00:15:15]} 4. Ba4 {[%clk 00:15:10]} Nf6 {[%clk 00:15:18]} 5. O-O {[%clk 00:15:07]} Be7 {[%clk 00:15:19]} 6. Re1 {[%clk 00:15:10]} b5 {[%clk 00:15:22]} 7. Bb3 {[%clk 00:15:13]} d6 {[%clk 00:15:26]} 8. c3 {[%clk 00:15:15]} O-O {[%clk 00:15:28]} 9. h3 {[%clk 00:15:15]} h6 {[%clk 00:15:14]} 10. d4 {[%clk 00:15:17]} Re8 {[%clk 00:15:17]} 11. Nbd2 {[%clk 00:15:19]} Bf8 {[%clk 00:15:16]} 12. Nf1 {[%clk 00:15:11]} Bb7 {[%clk 00:15:11]} 13. Ng3 {[%clk 00:15:12]} Na5 {[%clk 00:15:12]} 14. Bc2 {[%clk 00:15:15]} Nc4 {[%clk 00:15:14]} 15. b3 {[%clk 00:14:31]} Nb6 {[%clk 00:15:17]} 16. a4 {[%clk 00:14:26]} d5 {[%clk 00:15:02]} 17. Nxe5 {[%clk 00:12:00]} dxe4 {[%clk 00:13:35]} 18. b4 {[%clk 00:04:57]} Nxa4 {[%clk 00:09:03]} 19. Bxa4 {[%clk 00:04:33]} bxa4 {[%clk 00:09:06]} 20. Rxa4 {[%clk 00:04:31]} Bd6 {[%clk 00:08:05]} 21. Nc4 {[%clk 00:03:33]} Bxg3 {[%clk 00:06:55]} 22. fxg3 {[%clk 00:03:36]} Nd5 {[%clk 00:06:58]} 23. Qb3 {[%clk 00:03:20]} Nb6 {[%clk 00:06:29]} 24. Nxb6 {[%clk 00:03:05]} cxb6 {[%clk 00:06:33]} 25. Be3 {[%clk 00:02:39]} Rc8 {[%clk 00:06:21]} 26. Ra3 {[%clk 00:02:27]} b5 {[%clk 00:05:41]} 27. Rf1 {[%clk 00:02:26]} Rc4 {[%clk 00:05:42]} 28. Qd1 {[%clk 00:02:25]} Qc7 {[%clk 00:04:57]} 29. Qe1 {[%clk 00:02:23]} Re6 {[%clk 00:04:47]} 30. Rf5 {[%clk 00:02:10]} Rec6 {[%clk 00:04:04]} 31. Rc5 {[%clk 00:02:06]} R4xc5 {[%clk 00:02:14]} 32. dxc5 {[%clk 00:02:07]} Rg6 {[%clk 00:01:45]} 33. g4 {[%clk 00:02:01]} Re6 {[%clk 00:01:19]} 34. Ra2 {[%clk 00:02:04]} Re8 {[%clk 00:01:22]} 35. Rd2 {[%clk 00:01:42]} Rd8 {[%clk 00:01:15]} 36. Bf4 {[%clk 00:01:41]} Qc8 {[%clk 00:01:11]} 37. Rd7 {[%clk 00:01:32]} f6 {[%clk 00:00:50]} 38. Kh2 {[%clk 00:01:28]} *

[Event "(QRT)"]
[Site ""]
[Date "1970-01-01"]
[Round "4.6"]
[White "Milov Leonid"]
[Black "Petrov Martin"]
[Result "*"]
[WhiteTitle "GM"]
[WhiteElo "2484"]
[WhiteCountry "GER"]
[WhiteFideId "14101068"]
[BlackTitle "GM"]
[BlackElo "2393"]
[BlackCountry "BUL"]
[BlackFideId "2911086"]

1. e4 {[%clk 00:15:08]} c5 {[%clk 00:15:06]} 2. Nf3 {[%clk 00:15:08]} d6 {[%clk 00:15:10]} 3. d4 {[%clk 00:15:16]} cxd4 {[%clk 00:15:13]} 4. Nxd4 {[%clk 00:15:16]} Nf6 {[%clk 00:15:14]} 5. Nc3 {[%clk 00:15:21]} a6 {[%clk 00:15:17]} 6. Be3 {[%clk 00:15:29]} e5 {[%clk 00:15:20]} 7. Nf3 {[%clk 00:15:32]} Be7 {[%clk 00:15:18]} 8. Bc4 {[%clk 00:15:32]} O-O {[%clk 00:15:16]} 9. O-O {[%clk 00:15:35]} Be6 {[%clk 00:15:19]} 10. Bxe6 {[%clk 00:15:26]} fxe6 {[%clk 00:15:22]} 11. Na4 {[%clk 00:15:26]} b5 {[%clk 00:15:05]} 12. Nb6 {[%clk 00:15:07]} Ra7 {[%clk 00:15:04]} 13. Ng5 {[%clk 00:15:04]} Qe8 {[%clk 00:13:23]} 14. Nxe6 {[%clk 00:14:58]} Rf7 {[%clk 00:13:26]} 15. Ng5 {[%clk 00:14:16]} Rf8 {[%clk 00:13:29]} 16. Nd5 {[%clk 00:14:01]} Rd7 {[%clk 00:13:32]} 17. a4 {[%clk 00:13:09]} bxa4 {[%clk 00:12:51]} 18. Rxa4 {[%clk 00:12:15]} Kh8 {[%clk 00:12:18]} 19. Ne6 {[%clk 00:10:44]} Rg8 {[%clk 00:11:07]} 20. Rc4 {[%clk 00:10:11]} Rb7 {[%clk 00:09:55]} 21. b3 {[%clk 00:09:42]} Nbd7 {[%clk 00:09:58]} 22. Nec7 {[%clk 00:09:25]} Qf7 {[%clk 00:08:18]} 23. Nxa6 {[%clk 00:08:51]} Bd8 {[%clk 00:07:38]} 24. Nab4 {[%clk 00:08:12]} Qg6 {[%clk 00:06:26]} 25. Nxf6 {[%clk 00:06:59]} gxf6 {[%clk 00:06:28]} 26. g3 {[%clk 00:07:00]} f5 {[%clk 00:06:00]} 27. exf5 {[%clk 00:06:55]} Qxf5 {[%clk 00:06:03]} 28. Qxd6 {[%clk 00:06:39]} Nf6 {[%clk 00:06:07]} 29. Nd3 {[%clk 00:04:48]} Re7 {[%clk 00:05:13]} 30. Nc5 {[%clk 00:03:41]} Ng4 {[%clk 00:04:32]} 31. Qc6 {[%clk 00:02:34]} Rf7 {[%clk 00:03:56]} 32. Qg2 {[%clk 00:02:00]} Bb6 {[%clk 00:03:54]} 33. b4 {[%clk 00:01:34]} Rg6 {[%clk 00:02:28]} 34. Bc1 {[%clk 00:01:23]} Rgf6 {[%clk 00:02:09]} 35. Qe4 {[%clk 00:00:58]} Nxf2 {[%clk 00:01:43]} 36. Qxf5 {[%clk 00:01:02]} Rxf5 {[%clk 00:01:47]} 37. Kg2 {[%clk 00:01:01]} h5 {[%clk 00:01:51]} 38. h3 {[%clk 00:00:48]} e4 {[%clk 00:01:14]} 39. Be3 {[%clk 00:00:35]} Ng4 {[%clk 00:01:14]} 40. Bd4+ {[%clk 00:00:40]} Ne5 {[%clk 00:00:52]} 41. Rxf5 {[%clk 00:00:44]} Rxf5 {[%clk 00:00:56]} 42. Bxe5+ {[%clk 00:00:31]} Rxe5 {[%clk 00:00:52]} 43. Rxe4 {[%clk 00:00:35]} Rd5 {[%clk 00:00:54]} 44. c4 {[%clk 00:00:32]} Rd2+ {[%clk 00:00:50]} 45. Kf3 {[%clk 00:00:32]} Rb2 {[%clk 00:00:36]} 46. Nd3 {[%clk 00:00:40]} Rd2 {[%clk 00:00:40]} 47. c5 {[%clk 00:00:39]} Rxd3+ {[%clk 00:00:11]} 48. Ke2 {[%clk 00:00:43]} Rd5 {[%clk 00:00:11]} 49. cxb6 {[%clk 00:00:44]} Rb5 {[%clk 00:00:11]} 50. Kd3 {[%clk 00:00:47]} Rxb6 {[%clk 00:00:19]} 51. Kc4 {[%clk 00:00:52]} Kg7 {[%clk 00:00:20]} 52. b5 {[%clk 00:00:56]} Kf7 {[%clk 00:00:15]} 53. Kc5 {[%clk 00:00:58]} Rg6 {[%clk 00:00:19]} 54. Re3 {[%clk 00:00:57]} *

[Event "(QRT)"]
[Site ""]
[Date "1970-01-01"]
[Round "4.7"]
[White "Tregubov Pavel V."]
[Black "Raja Harshit"]
[Result "1/2-1/2"]
[WhiteTitle "GM"]
[WhiteElo "2593"]
[WhiteCountry "FID"]
[WhiteFideId "4115341"]
[BlackTitle "GM"]
[BlackElo "2164"]
[BlackCountry "IND"]
[BlackFideId "5089000"]

1. e4 {[%clk 00:15:07]} c5 {[%clk 00:15:08]} 2. Nf3 {[%clk 00:15:10]} d6 {[%clk 00:15:11]} 3. Bb5+ {[%clk 00:15:14]} Nd7 {[%clk 00:15:12]} 4. Ba4 {[%clk 00:15:17]} Nf6 {[%clk 00:15:10]} 5. O-O {[%clk 00:15:17]} a6 {[%clk 00:14:57]} 6. c4 {[%clk 00:15:22]} g6 {[%clk 00:14:54]} 7. Nc3 {[%clk 00:15:18]} Bg7 {[%clk 00:14:55]} 8. d3 {[%clk 00:15:15]} O-O {[%clk 00:14:50]} 9. Rb1 {[%clk 00:15:13]} Rb8 {[%clk 00:14:41]} 10. h3 {[%clk 00:14:56]} Ne8 {[%clk 00:14:35]} 11. Be3 {[%clk 00:13:50]} Nc7 {[%clk 00:14:18]} 12. Qd2 {[%clk 00:13:40]} b5 {[%clk 00:14:14]} 13. Bb3 {[%clk 00:13:28]} bxc4 {[%clk 00:13:37]} 14. dxc4 {[%clk 00:12:48]} Bb7 {[%clk 00:13:29]} 15. Bh6 {[%clk 00:12:44]} Ne5 {[%clk 00:13:14]} 16. Nxe5 {[%clk 00:12:17]} dxe5 {[%clk 00:13:13]} 17. Qxd8 {[%clk 00:10:35]} Rfxd8 {[%clk 00:13:17]} 18. Bxg7 {[%clk 00:09:52]} Kxg7 {[%clk 00:13:20]} 19. Nd5 {[%clk 00:09:54]} Ne6 {[%clk 00:13:00]} 20. Nxe7 {[%clk 00:07:45]} Bxe4 {[%clk 00:12:47]} 21. Rbd1 {[%clk 00:07:20]} Kf6 {[%clk 00:11:46]} 22. Rxd8 {[%clk 00:07:13]} Rxd8 {[%clk 00:10:36]} 23. Nd5+ {[%clk 00:07:16]} Bxd5 {[%clk 00:10:21]} 24. cxd5 {[%clk 00:07:20]} Nd4 {[%clk 00:10:21]} 25. Bc4 {[%clk 00:07:21]} a5 {[%clk 00:10:16]} 26. f4 {[%clk 00:07:09]} e4 {[%clk 00:09:15]} 27. Kf2 {[%clk 00:06:33]} h5 {[%clk 00:07:55]} 28. g4 {[%clk 00:05:34]} Rh8 {[%clk 00:06:27]} 29. g5+ {[%clk 00:04:02]} Kf5 {[%clk 00:06:23]} 30. Ke3 {[%clk 00:04:03]} Rb8 {[%clk 00:05:40]} 31. b3 {[%clk 00:03:22]} Nc2+ {[%clk 00:04:25]} 32. Kd2 {[%clk 00:03:26]} Nb4 {[%clk 00:04:10]} 33. Ke3 {[%clk 00:02:33]} Rd8 {[%clk 00:03:59]} 34. Rd1 {[%clk 00:02:31]} Nc2+ {[%clk 00:03:16]} 35. Kd2 {[%clk 00:02:35]} Nd4 {[%clk 00:02:21]} 36. Ke3 {[%clk 00:02:35]} Nc2+ {[%clk 00:01:20]} 37. Kd2 {[%clk 00:02:42]} Nd4 {[%clk 00:00:58]} 38. Ke3 {[%clk 00:01:45]} Nc2+ {[%clk 00:00:58]} 1/2-1/2

[Event "(QRT)"]
[Site ""]
[Date "1970-01-01"]
[Round "4.8"]
[White "Gagare Shardul"]
[Black "Manukonda Arun"]
[Result "1-0"]
[WhiteTitle "GM"]
[WhiteElo "2449"]
[WhiteCountry "IND"]
[WhiteFideId "5037883"]
[BlackTitle ""]
[BlackElo "2000"]
[BlackCountry "IND"]
[BlackFideId "5080789"]

1. c4 {[%clk 00:15:06]} e5 {[%clk 00:14:25]} 2. g3 {[%clk 00:15:07]} c6 {[%clk 00:14:27]} 3. d4 {[%clk 00:15:06]} d6 {[%clk 00:14:14]} 4. Bg2 {[%clk 00:15:05]} f5 {[%clk 00:14:04]} 5. Nc3 {[%clk 00:15:01]} Be7 {[%clk 00:13:39]} 6. e4 {[%clk 00:13:56]} Nf6 {[%clk 00:13:25]} 7. exf5 {[%clk 00:13:50]} Bxf5 {[%clk 00:13:18]} 8. dxe5 {[%clk 00:13:19]} dxe5 {[%clk 00:13:20]} 9. Qxd8+ {[%clk 00:12:54]} Kxd8 {[%clk 00:13:14]} 10. Nf3 {[%clk 00:12:44]} Nbd7 {[%clk 00:13:10]} 11. O-O {[%clk 00:12:20]} Kc7 {[%clk 00:12:50]} 12. Re1 {[%clk 00:12:21]} Bd6 {[%clk 00:11:54]} 13. h3 {[%clk 00:11:32]} h6 {[%clk 00:10:55]} 14. Be3 {[%clk 00:11:16]} g5 {[%clk 00:10:38]} 15. Rac1 {[%clk 00:10:26]} b6 {[%clk 00:08:56]} 16. Red1 {[%clk 00:09:53]} a6 {[%clk 00:08:13]} 17. Na4 {[%clk 00:09:10]} c5 {[%clk 00:07:45]} 18. b4 {[%clk 00:08:59]} Rab8 {[%clk 00:05:54]} 19. Nd2 {[%clk 00:08:14]} cxb4 {[%clk 00:02:54]} 20. c5 {[%clk 00:07:44]} bxc5 {[%clk 00:02:55]} 21. Nxc5 {[%clk 00:07:18]} Nxc5 {[%clk 00:02:49]} 22. Bxc5 {[%clk 00:07:20]} Bxc5 {[%clk 00:02:41]} 23. Rxc5+ {[%clk 00:07:22]} Kd8 {[%clk 00:02:11]} 24. Nc4+ {[%clk 00:07:21]} Ke7 {[%clk 00:02:04]} 25. Rxe5+ {[%clk 00:07:03]} Be6 {[%clk 00:02:03]} 26. Rde1 {[%clk 00:07:06]} 1-0

[Event "(QRT)"]
[Site ""]
[Date "1970-01-01"]
[Round "4.12"]
[White "Toktomushev Teimur"]
[Black "Katz Alexander"]
[Result "1-0"]
[WhiteTitle ""]
[WhiteElo "1968"]
[WhiteCountry "UKR"]
[WhiteFideId "14176726"]
[BlackTitle "IM"]
[BlackElo "2388"]
[BlackCountry "USA"]
[BlackFideId "2039796"]

1. d4 {[%clk 00:15:06]} Nf6 {[%clk 00:15:08]} 2. c4 {[%clk 00:15:09]} e6 {[%clk 00:15:11]} 3. Nf3 {[%clk 00:15:11]} d5 {[%clk 00:15:11]} 4. Nc3 {[%clk 00:15:13]} c6 {[%clk 00:15:19]} 5. e3 {[%clk 00:15:12]} Nbd7 {[%clk 00:15:22]} 6. Qc2 {[%clk 00:15:15]} Bd6 {[%clk 00:15:26]} 7. Bd3 {[%clk 00:15:18]} O-O {[%clk 00:15:26]} 8. O-O {[%clk 00:15:17]} dxc4 {[%clk 00:15:28]} 9. Bxc4 {[%clk 00:15:21]} b5 {[%clk 00:15:31]} 10. Bd3 {[%clk 00:14:21]} Bb7 {[%clk 00:15:32]} 11. e4 {[%clk 00:13:57]} e5 {[%clk 00:15:36]} 12. h3 {[%clk 00:12:50]} exd4 {[%clk 00:15:02]} 13. Nxd4 {[%clk 00:12:52]} Ne5 {[%clk 00:15:05]} 14. Rd1 {[%clk 00:12:39]} Nxd3 {[%clk 00:14:29]} 15. Rxd3 {[%clk 00:12:18]} Qc7 {[%clk 00:14:04]} 16. Bg5 {[%clk 00:10:07]} Be5 {[%clk 00:13:49]} 17. Nf5 {[%clk 00:07:23]} b4 {[%clk 00:11:35]} 18. Bxf6 {[%clk 00:06:41]} Bxf6 {[%clk 00:11:36]} 19. Nd5 {[%clk 00:06:07]} Qe5 {[%clk 00:11:37]} 20. Nxf6+ {[%clk 00:05:18]} Qxf6 {[%clk 00:11:40]} 21. f4 {[%clk 00:03:34]} Rad8 {[%clk 00:11:21]} 22. Rad1 {[%clk 00:02:59]} Rxd3 {[%clk 00:11:07]} 23. Rxd3 {[%clk 00:02:57]} Qe6 {[%clk 00:11:02]} 24. Qc5 {[%clk 00:01:22]} Re8 {[%clk 00:09:58]} 25. Nd6 {[%clk 00:00:14]} Rd8 {[%clk 00:09:43]} 26. Qa5 {[%clk 00:00:08]} Rd7 {[%clk 00:08:22]} 27. f5 {[%clk 00:00:12]} Qe7 {[%clk 00:06:21]} 28. Qc5 {[%clk 00:00:12]} Ba6 {[%clk 00:05:51]} 29. Rd4 {[%clk 00:00:10]} Bb5 {[%clk 00:03:52]} 30. e5 {[%clk 00:00:11]} h5 {[%clk 00:03:07]} 31. Kh2 {[%clk 00:00:06]} f6 {[%clk 00:01:25]} 32. Rxb4 {[%clk 00:00:07]} a6 {[%clk 00:01:21]} 33. a4 {[%clk 00:00:08]} Bd3 {[%clk 00:00:49]} 34. Rb8+ {[%clk 00:00:11]} Kh7 {[%clk 00:00:48]} 35. Re8 {[%clk 00:00:06]} fxe5 {[%clk 00:00:14]} 36. Rxe7 {[%clk 00:00:10]} Rxe7 {[%clk 00:00:18]} 37. Ne4 {[%clk 00:00:09]} Re8 {[%clk 00:00:09]} 38. Qxc6 {[%clk 00:00:11]} Rd8 {[%clk 00:00:11]} 39. Qg6+ {[%clk 00:00:14]} Kg8 {[%clk 00:00:14]} 40. f6 {[%clk 00:00:10]} Rd7 {[%clk 00:00:16]} 41. Qe8+ {[%clk 00:00:14]} Kh7 {[%clk 00:00:20]} 42. Qxd7 {[%clk 00:00:13]} 1-0